| 000 | 00642nam a2200217Ia 4500 | ||
|---|---|---|---|
| 003 | IN-BaIIA | ||
| 008 | 211028s9999 xx 000 0 eng d | ||
| 020 | _a3-540-42468-7 | ||
| 040 | _cIIA Library | ||
| 080 |
_a52-17(082.2) _bMIN |
||
| 245 | 0 |
_aMining the sky _cedited by A. J. Banday, S. Zaroubi and M. Bartelmann |
|
| 260 |
_aBerlin _bSpringer-Verlag _c2001 |
||
| 300 | _axv, 705p. | ||
| 490 | _aESO astrophysics symposia | ||
| 650 |
_aAstronomical data analysis _918704 |
||
| 650 |
_aSurvey _9161 |
||
| 700 |
_aBanday, A. J., ed. _917796 |
||
| 700 |
_aBartelmann, M., ed. _925370 |
||
| 700 |
_aZaroubi, S., ed. _925371 |
||
| 942 | _cBK | ||
| 999 |
_c14330 _d14330 |
||